|
|
|
|
| LEADER |
02406nam a22005055i 4500 |
| 001 |
978-1-4471-5191-3 |
| 003 |
DE-He213 |
| 005 |
20151204170321.0 |
| 007 |
cr nn 008mamaa |
| 008 |
130702s2013 xxk| s |||| 0|eng d |
| 020 |
|
|
|a 9781447151913
|9 978-1-4471-5191-3
|
| 024 |
7 |
|
|a 10.1007/978-1-4471-5191-3
|2 doi
|
| 040 |
|
|
|d GrThAP
|
| 050 |
|
4 |
|a RC346-429.2
|
| 072 |
|
7 |
|a MJN
|2 bicssc
|
| 072 |
|
7 |
|a MED056000
|2 bisacsh
|
| 082 |
0 |
4 |
|a 616.8
|2 23
|
| 100 |
1 |
|
|a Rana, Abdul Qayyum.
|e author.
|
| 245 |
1 |
0 |
|a Neurological Emergencies in Clinical Practice
|h [electronic resource] /
|c by Abdul Qayyum Rana, John Anthony Morren.
|
| 264 |
|
1 |
|a London :
|b Springer London :
|b Imprint: Springer,
|c 2013.
|
| 300 |
|
|
|a XVII, 203 p. 26 illus.
|b online resource.
|
| 336 |
|
|
|a text
|b txt
|2 rdacontent
|
| 337 |
|
|
|a computer
|b c
|2 rdamedia
|
| 338 |
|
|
|a online resource
|b cr
|2 rdacarrier
|
| 347 |
|
|
|a text file
|b PDF
|2 rda
|
| 520 |
|
|
|a Neurological Emergencies in Clinical Practice discusses neurological emergencies in a stepwise fashion including stabilizing the patient, identifying the cause, and treating the underlying cause. It is useful in several settings including the emergency room, hospital in-patient service as well as the intensive care unit. Neurological Emergencies in Clinical Practice has a wide appeal and relevance to disciplines including neurology, emergency medicine, critical care medicine, internal medicine and family medicine. Medical students and residents may use this convenient, pocket-sized book to prepare for and succeed in their training examinations and it is also useful for other house staff and practicing physicians.
|
| 650 |
|
0 |
|a Medicine.
|
| 650 |
|
0 |
|a Emergency medicine.
|
| 650 |
|
0 |
|a General practice (Medicine).
|
| 650 |
|
0 |
|a Critical care medicine.
|
| 650 |
|
0 |
|a Internal medicine.
|
| 650 |
|
0 |
|a Neurology.
|
| 650 |
1 |
4 |
|a Medicine & Public Health.
|
| 650 |
2 |
4 |
|a Neurology.
|
| 650 |
2 |
4 |
|a Emergency Medicine.
|
| 650 |
2 |
4 |
|a Intensive / Critical Care Medicine.
|
| 650 |
2 |
4 |
|a Internal Medicine.
|
| 650 |
2 |
4 |
|a General Practice / Family Medicine.
|
| 700 |
1 |
|
|a Morren, John Anthony.
|e author.
|
| 710 |
2 |
|
|a SpringerLink (Online service)
|
| 773 |
0 |
|
|t Springer eBooks
|
| 776 |
0 |
8 |
|i Printed edition:
|z 9781447151906
|
| 856 |
4 |
0 |
|u http://dx.doi.org/10.1007/978-1-4471-5191-3
|z Full Text via HEAL-Link
|
| 912 |
|
|
|a ZDB-2-SME
|
| 950 |
|
|
|a Medicine (Springer-11650)
|